| 000 | 00767cam a2200205 4500 | ||
|---|---|---|---|
| 001 | WB3618-08 | ||
| 008 | 000000n2000 000 0 eng u | ||
| 035 | _a(Sirsi) u105899 | ||
| 245 | _aRetail rent growth slows | ||
| 260 | _c2000 | ||
| 490 |
_aRetail Week _v 5 May 2000, 25(1) |
||
| 520 | _aAccording to research from Healey and Baker, shop rents are growing more slowly than office or industrial rents for the first time since 1991. Discusses differing areas of demand in the retail market. | ||
| 590 | _aWB | ||
| 650 | _aRETAIL RENTS | ||
| 650 | _aHEALEY AND BAKER | ||
| 650 | _aPROPERTY-COMMERCIAL PROPERTY-RETAIL PROPERTY-RETAIL PROPERTY MARKET | ||
| 650 | _aSUPPLY AND DEMAND | ||
| 690 | _aPROPERTY-COMMERCIAL PROPERTY-RETAIL PROPERTY | ||
| 942 | _n0 | ||
| 999 |
_c63411 _d63411 |
||